Detalles MARC
| 000 -CABECERA |
| fixed length control field |
01788Cam#a2200433#a#4500 |
| 003 - CONTROL NUMBER IDENTIFIER |
| control field |
AR-BeUNQ |
| 005 - FECHA Y HORA DE LA ULTIMA TRANSACCION |
| control field |
20240819193026.0 |
| 008 - ELEMENTOS DE LONGITUD FIJA-INFORMACION GENERAL |
| fixed length control field |
160307s2012 ag b j#f #000|0#spa#d |
| 020 ## - NUMERO INTERNACIONAL NORMALIZADO PARA LIBROS |
| Número Internacional Normalizado del libro |
9789501304756 |
| 040 ## - FUENTE DE CATALOGACION |
| Agencia de catalogación original |
AR-BeUNQ |
| Idioma de catalogación |
ESPAÑOL |
| Agencia que realiza la transcripción |
AR-BeUNQ |
| Convenciones de la descripción |
aacr |
| 082 04 - NUMERO DE CLASIFICACION DECIMAL DEWEYMBER |
| Número de clasificación |
907 |
| Número de la edición |
21 |
| 100 1# - ASIENTO PRINCIPAL-NOMBRE PERSONAL |
| Nombre personal |
Rodríguez, Mónica. |
| 245 00 - MENCION DE TITULO |
| Título |
Ciencias sociales |
| Mención de responsabilidad, etc |
autoría y edición, Mónica Rodríguez. |
| 250 ## - MENCION DE EDICION |
| Mención de edición |
1a ed., 2a reimpr. |
| 260 ## - PUBLICACION, DISTRIBUCION, ETC. |
| Lugar de publicación, distribución, etc. |
Buenos Aires : |
| Nombre del editor, distribuidor, etc. |
Kapelusz, |
| Fecha de publicación, distribución, etc |
c2012. |
| 300 ## - DESCRIPCION FISICA |
| Extensión |
34, 14 p. : |
| Otros detalles físicos |
mapas ; |
| Dimensiones |
24 cm |
| 490 1# - MENCION DE SERIE |
| Mención de serie |
Contextos digitales |
| 500 ## - NOTA GENERAL |
| Nota general |
Material complementario de: Ciencias sociales. |
| 505 0# - NOTA DE CONTENIDO |
| Nota de contenido con formato preestablecido |
Equipo récord -- Contexto de estudio. |
| 650 #7 - ASIENTO SECUNDARIO DE MATERIA - TERMINO TEMATICO |
| Término temático o nombre geográfico como elemento de entrada |
Ciencias sociales |
| Fuente del encabezamiento o términ |
toit |
| 650 #7 - ASIENTO SECUNDARIO DE MATERIA - TERMINO TEMATICO |
| Término temático o nombre geográfico como elemento de entrada |
Historia |
| Fuente del encabezamiento o términ |
spines |
| 650 #7 - ASIENTO SECUNDARIO DE MATERIA - TERMINO TEMATICO |
| Término temático o nombre geográfico como elemento de entrada |
Prehistoria |
| Fuente del encabezamiento o términ |
spines |
| 650 #7 - ASIENTO SECUNDARIO DE MATERIA - TERMINO TEMATICO |
| Término temático o nombre geográfico como elemento de entrada |
Historia antigua |
| Fuente del encabezamiento o términ |
spines |
| 650 #7 - ASIENTO SECUNDARIO DE MATERIA - TERMINO TEMATICO |
| Término temático o nombre geográfico como elemento de entrada |
Historia medieval |
| Fuente del encabezamiento o términ |
spines |
| 650 #7 - ASIENTO SECUNDARIO DE MATERIA - TERMINO TEMATICO |
| Término temático o nombre geográfico como elemento de entrada |
Geografía |
| Fuente del encabezamiento o términ |
spines |
| 650 #7 - ASIENTO SECUNDARIO DE MATERIA - TERMINO TEMATICO |
| Término temático o nombre geográfico como elemento de entrada |
Geografía política |
| Fuente del encabezamiento o términ |
spines |
| 650 #7 - ASIENTO SECUNDARIO DE MATERIA - TERMINO TEMATICO |
| Término temático o nombre geográfico como elemento de entrada |
Geografía física |
| Fuente del encabezamiento o términ |
spines |
| 650 #7 - ASIENTO SECUNDARIO DE MATERIA - TERMINO TEMATICO |
| Término temático o nombre geográfico como elemento de entrada |
Economía |
| Fuente del encabezamiento o términ |
spines |
| 650 #7 - ASIENTO SECUNDARIO DE MATERIA - TERMINO TEMATICO |
| Término temático o nombre geográfico como elemento de entrada |
Demografía |
| Fuente del encabezamiento o términ |
spines |
| 650 #7 - ASIENTO SECUNDARIO DE MATERIA - TERMINO TEMATICO |
| Término temático o nombre geográfico como elemento de entrada |
Manuales |
| Fuente del encabezamiento o términ |
spines |
| 650 #7 - ASIENTO SECUNDARIO DE MATERIA - TERMINO TEMATICO |
| Término temático o nombre geográfico como elemento de entrada |
Enseñanza media |
| Fuente del encabezamiento o términ |
spines |
| 830 #0 - ASIENTO SECUNDARIO DE SERIE--TITULO UNIFORME |
| Título uniforme |
Contextos digitales. |
| 929 ## - DATOS DE ADQUISICION |
| Procedencia |
COMPRA |
| Proveedor |
El Monje Libros |
| Orden de compra |
Compra 2015 Exp. 827-2158/15 |
| Precio |
225,00 (obra completa) |
| Fecha de recibido |
20151229 |
| Patrimonio UNQ |
PAT0062362 |
| Número de inventario |
54211 |
| 929 ## - DATOS DE ADQUISICION |
| Procedencia |
COMPRA |
| Proveedor |
El Monje Libros |
| Orden de compra |
Compra 2015 Exp. 827-2158/15 |
| Precio |
225,00 (obra completa) |
| Fecha de recibido |
20151229 |
| Patrimonio UNQ |
PAT0063071 |
| Número de inventario |
54766 |
| 929 ## - DATOS DE ADQUISICION |
| Procedencia |
COMPRA |
| Proveedor |
El Monje Libros |
| Orden de compra |
Compra 2015 Exp. 827-2158/15 |
| Precio |
225,00 (obra completa) |
| Fecha de recibido |
20151229 |
| Patrimonio UNQ |
PAT0063072 |
| Número de inventario |
54767 |
| 929 ## - DATOS DE ADQUISICION |
| Procedencia |
COMPRA |
| Proveedor |
El Monje Libros |
| Orden de compra |
Compra 2015 Exp. 827-2158/15 |
| Precio |
225,00 (obra completa) |
| Fecha de recibido |
20151229 |
| Patrimonio UNQ |
PAT0063073 |
| Número de inventario |
54768 |
| 929 ## - DATOS DE ADQUISICION |
| Procedencia |
COMPRA |
| Proveedor |
El Monje Libros |
| Orden de compra |
Compra 2015 Exp. 827-2158/15 |
| Precio |
225,00 (obra completa) |
| Fecha de recibido |
20151229 |
| Patrimonio UNQ |
PAT0063074 |
| Número de inventario |
54769 |
| 942 ## - ELEMENTOS DE PUNTO DE ACCESO ADICIONAL (KOHA) |
| Tipo de ítem Koha |
Libros |
| Suppress in OPAC |
0 |